One Piece - Ultimate General Knowledge (part 2) - Statistics

General Stats
  • This quiz has been taken 46 times
  • The average score is 33 of 79
Answer Stats
Question Answer % Correct
Despite a certain pardon, what event led Tom to still be condemned to death penalty? The Battle Franky ships attacked the judicial ship under the orders of Spandam
82%
Why did Robin agree to work with the World Government on Water Seven? To avoid getting all the SH in trouble
82%
What legendary ship did Tom build and led him to be judged? Oro Jackson
73%
Who of the SH manages to get aboard the sea train in which Robin, Usopp, and Franky are brought to Enies Lobby? Sanji
73%
What mysterious and epic character makes a sudden appearance after the sudden departure of Usopp? Sniper King
73%
Which part of the Going Merry was damaged beyond repair, which is the reason why the SH needed to buy a new ship? The keel
73%
What is special about Funkfreed, Spandam’s sword? It has a devil fruit
68%
Who are the top 3 fighters of CP9, from highest to lowest? Lucci / Kaku / Jabra
68%
What place cannot be reached from Shift station, where Kokoro is usually stationed? Ruskaina, island of the beasts
68%
What are the names of the king bulls of the Franky Family? Sodom / Gomorrah
68%
After the Enies Lobby incident, every SH got a bounty. What was Chopper’s bounty? 50
59%
Who was not a member of Tom’s workers? Chimney
59%
What technique does Sanji use for the first time against Jabra in Enies Lobby? Diable Jambe
59%
What is the weak point of Franky’s body? His back
59%
What was the downside of Gear 3 before Luffy mastered it completely? Luffy shrinks
59%
Which of these characters did not have the same rank as the others 22 years ago? Sengoku
55%
When all seemed lost and the SH were surrounded by Buster Call warships, which ally came to the rescue just seconds before the crew was gonna be wiped out? The Going Merry
55%
Why did Oimo and Kashii agree to work for the government at Enies Lobby? They were blackmailed
55%
How long were the CP9 agents undercover in Water Seven? 5 years
50%
Where did Ace and Teach fight take place? Banaro Island
50%
Who gave Shanks his scars on his left eye? Blackbeard
50%
Why is it so important for Brook to keep his afro? It’s the only remaining detail of his old self that Laboon will recognize
50%
Against which zombie, former samurai of Wano, did Zoro fight and gained the sword Shusui? Ryuma
50%
What is the “price” of Ivankov’s treatment to save Luffy’s poisoning? 10 years of his life
45%
How come the gates of Justice opened when escaping Impel Down? Bon Clay transformed into Magellan and gave the order
45%
On Sabaody, Zoro was about to kill a Celestial Dragon. Who stopped him just in time? Bonney
45%
How come Usopp is immune to Perona’s Negative Hollow ghosts? He is already extremely negative
45%
Which supernova arrives at Marineford and saves Luffy away from the battle? Law
45%
Which vice admiral comes to see Boa Hancock to make sure she answers her call as a Warlord to come and fight at Marineford? Momonga
45%
Why do Celestial Dragons wear helmets? Not to breathe the same air as commoners
45%
Who is the last SH Kuma “eradicates” before Luffy? Robin
45%
What detail about Robin changed after the Enies Lobby incident? She started to call the SH by their actual names
45%
Which Whitebeard ally ends up stabbing him after being lied to by Akainu? Squard
45%
Why do the Gorgon sisters want to prevent their backs from being seen by others? Because they bear the marking of the celestial dragon slaves
41%
What vehicule is not present in the Thousand Sunny? Dugong surfboard
41%
Which of these characters have never met in the canon of the manga? Genzo / Woop Slap
41%
Who was Shanks fighting only a day before arriving at the Summit War to end it? Kaido
41%
At first, Ivankov wasn’t gonna go help Luffy rescue Ace. What made him change his mind? Luffy told him he was the son of Dragon
41%
Who is the tallest of the Warlords? Moria
41%
What “country” is located on level 5.5 of Impel Down? New Kama Land
41%
What new form does Luffy achieve by absorbing a hundred shadows? Nightmare Luffy
41%
After Kuma arrived at Thriller Bark and almost annihilated everyone, what happened to make him leave without killing Luffy or capturing the SH? Nothing happened.
41%
Why does Boa Hancock finally come around and finally accept her call to go to Marineford? To allow Luffy to go to Impel Down
41%
Thanks to Jinbe, what comes last second to the rescue and helps everyone escape the prison? Whale sharks
41%
Who is the last person Luffy fights before setting foot on the execution platform where Ace is retained? Garp
36%
Which animal is not one of the Jailer Beasts of Impel Down? Hippopotamus
36%
What former pirate captain and slave of the Celestial Dragon joins the crew of Trafalgar Law after the slave auction? Jean Bart
36%
What were Ace’s last words? Thank you for loving me
36%
Why does Buggy help Luffy at first in Impel Down? To get Luffy’s armband, Captain John’s treasure marker
36%
On Sabaody, Sanji’s kicks changed Duval’s face for the better. But against who this “plastic surgery” technique was used first? Wanze
36%
Who is responsible for the incident against Sabo when he set sail to be a pirate? A celestial dragon
32%
Where did Portgas D. Rouge, Ace’s mother, live? Baterilla Island, South Blue
32%
There were many suggestions for the name of the Thousand Sunny before the SH agreed on this name. What was Zoro’s suggestion? Big Boss Lionel
32%
What is the junkyard near Mount Corvo called? Gray Terminal
32%
Why couldn’t Kizaru contact Sentomaru when he arrived on Sabaody? He was using the wrong transponder snail
32%
How did Luffy’s ship arrive at Marineford from the sky? It got stuck on a giant frozen tsunami wave and fell down
32%
What does Mihawk acknowledges in Luffy that is one of the most powerful abilities? The power to rally people around him
32%
How old was Ace when he first used Conqueror’s haki? 10
27%
How many Supernovas were at the auction house when Luffy punched the Celestial Dragon? 5
27%
How old was the Tree of Knowledge at Ohara? 5 000 years old
27%
When did Brook have his shadow taken from him by Moria before meeting the SH? 5 years ago
27%
Which supernova was defeated by Blackbeard right after entering the New World? Bonney
27%
What type of zombie does not exist in Thriller Bark? Captain Zombies
27%
Among CP9 members, who is the youngest? Kaku
27%
Who replaced Crocodile as a member of the Seven Warlords? Teach
27%
As of chapter 541, which of these SH didn’t make it the top 10 of the latest popularity contest? Usopp
27%
Chapters 432 and 433 were filled with incredible lore drops, which of these info was not part of what we learned? We learned all of the above
27%
What dial was not part of Usopp’s arsenal during his fight against Luffy? Flame dial
23%
Which of Zoro’s swords was destroyed during their final battle in Enies Lobby? Yubashiri
23%
When did we see Luffy use his conqueror’s haki for the first time? At Sabaody, against Duval’s bison
18%
Which of these vice admirals was not present during the buster call of Enies Lobby? Bastille
18%
What major injury did Whitebeard have when he died? Half his face was missing
18%
Which member of the CP9 had the correct key to free Robin? Kaku
18%
As of the latest popularity poll (Enies Lobby arc), which of these characters order is correct, from most votes to lowest votes? Smoker > Aokiji > Tashigi
18%
In which city did the CP9 take time to recover after the Enies Lobby incident? St Poplar
18%
As Kokoro explains, at what age does a mermaid’s tail split? 30
14%
What type of “bulls” cannot be found at Water Seven? Nakama
14%
Which of these characters is the leader of the 5th Division of Whitebeard? Vista
14%
Who long has it been between the Summit War and the message Luffy passed to the SH on the newspaper? 3 weeks
9%
No matching quizzes found
Score Distribution
Percent of People with Each Score
Percentile by Number Answered
Your Score History
You have not taken this quiz